Aspectos epizootiológicos del aborto ovino en la provincia de León, con especial atención al aborto por toxoplasma gondil / (Record no. 117408)

MARC details
000 -LEADER
campo de control de longitud fija 01133nam a2200253 i 4500
001 - NÚMERO DE CONTROL
campo de control 117408
003 - IDENTIFICADOR DE NÚMERO DE CONTROL
campo de control ES-MaACL
005 - FECHA Y HORA DE LA ÚLTIMA TRANSACCIÓN
campo de control 20250812225415.0
008 - DATOS DE LONGITUD FIJA--INFORMACIÓN GENERAL
campo de control de longitud fija 070302s1977 sp b |||| | spa d
100 1# - ENTRADA PRINCIPAL--NOMBRE DE PERSONA
Nombre de persona Paniagua Andrés, María del Carmen.
9 (RLIN) 88783
245 10 - MENCIÓN DEL TÍTULO
Título Aspectos epizootiológicos del aborto ovino en la provincia de León, con especial atención al aborto por toxoplasma gondil /
Mención de responsabilidad, etc. tesis que presenta para optar al título de doctor la licenciada en veterinaria María del Carmen Paniagua Andrés ; director de la tesis, Santos Ovejero del Agua.
260 ## - PUBLICACIÓN, DISTRIBUCIÓN, ETC.
Lugar de publicación, distribución, etc. León :
Nombre del editor, distribuidor, etc. Laboratorios Ovejero,
Fecha de publicación, distribución, etc. 1977.
300 ## - DESCRIPCIÓN FÍSICA
Extensión 84 p. ;
Dimensiones 22 cm +
Material acompañante/anejo 2 map.
490 1# - MENCIÓN DE SERIE
Mención de serie Publicaciones científicas Ovejero
502 ## - NOTA DE TESIS
Nota de tesis Tesis-Univ. Oviedo.
504 ## - NOTA DE BIBLIOGRAFÍA, ETC.
Nota de bibliografía, etc. Bibliografía: p. 61-70.
650 #7 - PUNTO DE ACCESO ADICIONAL DE MATERIA--TÉRMINO DE MATERIA
Término de materia o nombre geográfico como elemento de entrada Aborto en animales
Fuente del encabezamiento o término embne
9 (RLIN) 170855
650 04 - PUNTO DE ACCESO ADICIONAL DE MATERIA--TÉRMINO DE MATERIA
Término de materia o nombre geográfico como elemento de entrada Ganado ovino-
Subdivisión general Enfermedades.
9 (RLIN) 13027
700 1# - ENTRADA AGREGADA--NOMBRE PERSONAL
Nombre de persona Ovejero del Agua, Santos.
9 (RLIN) 87999
710 2# - ENTRADA AGREGADA--NOMBRE DE ENTIDAD CORPORATIVA
Nombre de entidad corporativa o nombre de jurisdicción como elemento de entrada Universidad de Oviedo.
Unidad subordinada Facultad de Veterinaria de León.
9 (RLIN) 7268
830 0# - PUNTO DE ACCESO ADICIONAL DE SERIE-TÍTULO UNIFORME
Título uniforme Publicaciones científicas Ovejero
9 (RLIN) 186833
852 ## - LOCALIZACIÓN
Ubicación ES-MaACL
Número de control de estantería A-6884
Holdings
Estatus retirado Estado de pérdida Estado de daño No para préstamo Biblioteca de origen Biblioteca actual Ubicación en estantería Fecha de adquisición Fuente de adquisición Total de préstamos Signatura topográfica completa Código de barras Visto por última vez Precio de reemplazo Tipo de ítem Koha
        Biblioteca del Ateneo de Madrid Biblioteca del Ateneo de Madrid Sala Pecera Planta 1 17/01/2008     A-6884 1122409 23/02/2023 23/02/2023 Libro impreso